La chaire française au Moyen Age spécialement au XIIIe siècle d'après les manuscrits contemporains / (Record no. 157416)

MARC details
000 -LEADER
campo de control de longitud fija 00725nam a22001935i 4500
001 - NÚMERO DE CONTROL
campo de control 157416
003 - IDENTIFICADOR DE NÚMERO DE CONTROL
campo de control ES-MaACL
005 - FECHA Y HORA DE LA ÚLTIMA TRANSACCIÓN
campo de control 20260217063016.0
008 - DATOS DE LONGITUD FIJA--INFORMACIÓN GENERAL
campo de control de longitud fija 011221s1886 fr |||| | fre d
040 ## - FUENTE DE CATALOGACIÓN
Centro catalogador/agencia de origen CAM
Lengua de catalogación spa
Centro/agencia transcriptor CAM
100 1# - ENTRADA PRINCIPAL--NOMBRE DE PERSONA
Nombre de persona Lecoy de la Marche, Albert,
Fechas asociadas al nombre 1839-1897
9 (RLIN) 128823
245 13 - MENCIÓN DEL TÍTULO
Título La chaire française au Moyen Age spécialement au XIIIe siècle d'après les manuscrits contemporains /
Mención de responsabilidad, etc. par A. Lecoy de la Marche.
250 ## - MENCION DE EDICION
Mención de edición 2e éd. corr. et augm.
260 ## - PUBLICACIÓN, DISTRIBUCIÓN, ETC.
Lugar de publicación, distribución, etc. Paris :
Nombre del editor, distribuidor, etc. Librairie Renouard,
Fecha de publicación, distribución, etc. 1886 (
Lugar de fabricación/manufactura Tours :
Fabricante Impr. Paul Bousrez)
300 ## - DESCRIPCIÓN FÍSICA
Extensión XVI, 547 p. ;
Dimensiones 23 cm.
650 #4 - PUNTO DE ACCESO ADICIONAL DE MATERIA--TÉRMINO DE MATERIA
Término de materia o nombre geográfico como elemento de entrada Oratoria sagrada-
Subdivisión geográfica Francia.
9 (RLIN) 138437
852 ## - LOCALIZACIÓN
Ubicación ES-MaACL
Número de control de estantería B-4429
Nota libre -- Rúst.
Holdings
Estatus retirado Estado de pérdida Estado de daño No para préstamo Colección Biblioteca de origen Biblioteca actual Ubicación en estantería Fecha de adquisición Fuente de adquisición Total de préstamos Signatura topográfica completa Código de barras Visto por última vez Precio de reemplazo Tipo de ítem Koha
        Libros del s. XIX Biblioteca del Ateneo de Madrid Biblioteca del Ateneo de Madrid Sala Pardo Bazán 17/01/2008     B-4429 1164733 23/02/2023 23/02/2023 Libro impreso antiguo